000 00583nam a22002177a 4500
003 OSt
005 20140310182913.0
008 130128t xxu||||| |||| 00| 0 eng d
020 _a9789715849043
050 _aKPM1142
_b.Am481 2009
082 _aFIL 346.59904
_bAm481 2009
245 _aPatents, treaties, statutes, and cases
_cAmador, Vicente B.
260 _aQuezon City :
_b C & E Pub.,
_c2009
300 _a1075 p
_c22 cm
521 _acollege students
526 _c1210L-1700L
541 _j1
541 _j2
562 _e2
942 _2lcc
_cBK
_kFIL
999 _c17257
_d17257